Outsiders: Studies in Sociology of divine (Record no. 1452005)

MARC details
000 -LEADER
fixed length control field 00569nam a2200205Ia 4500
005 - DATE AND TIME OF LATEST TRANSACTION
control field 20250923145506.0
008 - FIXED-LENGTH DATA ELEMENTS--GENERAL INFORMATION
fixed length control field 008 250917s9999 xx 000 0 eng d
037 ## - SOURCE OF ACQUISITION
Stock number Textual
040 ## - CATALOGING SOURCE
Original cataloging agency DSWL
Language of cataloging eng
Transcribing agency DSWL
041 ## - LANGUAGE CODE
Language code of text/sound track or separate title eng
Source of code eng
084 ## - COLON CLASSIFICATION NUMBER
Classification number Y:4, N63
Assigning agency DSWL
100 ## - MAIN ENTRY--PERSONAL NAME
Personal name Becker, H.S.
9 (RLIN) 835872
245 #0 - TITLE STATEMENT
Title Outsiders: Studies in Sociology of divine
Statement of responsibility, etc. by H.S. Becker
260 ## - PUBLICATION, DISTRIBUTION, ETC.
Place of publication, distribution, etc. New York
Name of publisher, distributor, etc. Free Press
Date of publication, distribution, etc. 1963
300 ## - PHYSICAL DESCRIPTION
Extent vii,215p.
365 ## - TRADE PRICE
Price type code INR
Price amount 30.96
925 ## -
-- 30.96
942 ## - ADDED ENTRY ELEMENTS (KOHA)
Koha item type Textual
Classification part Y:4, N63
Holdings
Withdrawn status Lost status Damaged status Not for loan Home library Current library Date acquired Source of acquisition Inventory number Total Checkouts Full call number Barcode Date last seen Price effective from Koha item type
        Department of Social Work Library Department of Social Work Library 2025-09-23 Select Book Service 14 28/04/1979   Y:4, N63 SW0019408 2025-09-23 2025-09-23 Textual
Copyright @ Delhi University Library System